[Event "Challenge m"]
[Site "London"]
[Date "1999.04.08"]
[Round "2"]
[White "Hebden, Mark"]
[Black "Arkell, Keith C"]
[Result "1/2-1/2"]
[WhiteElo "2556"]
[BlackElo "2438"]
[PlyCount "115"]
[EventDate "1999.04.??"]
[SourceDate "1999.08.01"]

1. d4 d5 2. c4 c6 3. Nf3 Nf6 4. e3 Bf5 5. cxd5 cxd5 6. Qb3 Qc7 7. Bd2 Nc6 8.
Bb5 e6 9. O-O Bd6 10. Bb4 O-O 11. Bxc6 bxc6 12. Nbd2 Rfb8 13. Bxd6 Qxd6 14. Qc3
Qb4 15. Qxb4 Rxb4 16. b3 Nd7 17. Rfc1 Rb6 18. Rc3 a5 19. a3 f6 20. Rac1 Rc8 21.
Nh4 Bg4 22. f3 Bh5 23. g4 Bf7 24. f4 h6 25. Nhf3 Kf8 26. e4 g5 27. exd5 exd5
28. Ne1 gxf4 29. Nd3 Ke7 30. Nxf4 Rg8 31. Rg3 Kd6 32. Nf1 Bg6 33. Nxg6 Rxg6 34.
Ne3 Nf8 35. Nf5+ Kd7 36. Rc5 Ra6 37. Rcc3 Ne6 38. h4 Ng7 39. Rcf3 Nxf5 40. gxf5
Rxg3+ 41. Rxg3 Rb6 42. Kf2 Rb8 43. h5 Re8 44. Rg7+ Kd6 45. Rf7 Re4 46. Rxf6+
Kd7 47. Rxh6 Rxd4 48. Rh8 Ke7 49. Kg3 Kf6 50. Rf8+ Kg5 51. f6 Rg4+ 52. Kf3 Rh4
53. f7 Kf6 54. Ke3 Rxh5 55. Kd4 Rh3 56. Rc8 Kxf7 57. Rc7+ Ke8 58. Rxc6 1/2-1/2

[Event "Southend op"]
[Site "Southend"]
[Date "1998.04.12"]
[Round "6"]
[White "Hodgson, Julian M"]
[Black "Crouch, Colin S"]
[Result "1-0"]
[WhiteElo "2632"]
[BlackElo "2360"]
[PlyCount "121"]
[EventDate "1998.04.10"]
[SourceDate "1999.08.01"]

1. c4 c6 2. Nf3 d5 3. e3 Nf6 4. d4 Bg4 5. Qb3 Qb6 6. Ne5 Be6 7. Nc3 Nbd7 8.
Nxd7 Bxd7 9. Na4 Qc7 10. Nc5 Bc8 11. cxd5 Nxd5 12. e4 Nb6 13. Be3 e6 14. Be2
Be7 15. O-O Nd7 16. Nd3 O-O 17. Rac1 e5 18. d5 Nf6 19. f3 Bd7 20. Nc5 Bc8 21.
dxc6 bxc6 22. Qc3 Nd7 23. Nb3 Bb7 24. Na5 Rac8 25. b4 Qb8 26. Rfd1 Ba8 27. a3
Rc7 28. Nc4 Rb7 29. Rc2 c5 30. b5 Nb6 31. Rcd2 f6 32. a4 Nc8 33. Rd7 Rc7 34.
Qb3 Kh8 35. Rxc7 Qxc7 36. a5 Rd8 37. Rxd8+ Bxd8 38. Qa3 Be7 39. Qa4 Qd7 40. Qb3
h6 41. Kf2 Qe6 42. Nd2 Qd7 43. Ke1 Kh7 44. Qd3 Qc7 45. Qc3 Nd6 46. Qxc5 Qxa5
47. Qxa7 Qxa7 48. Bxa7 Kg8 49. Nb3 Kf7 50. Kd2 Ke8 51. Bd3 Kd8 52. Bb6+ Kc8 53.
Bc5 Kc7 54. Kc3 h5 55. Kb4 Bd8 56. Na5 Nc8 57. Nc4 g5 58. Bc2 Kb7 59. Bb3 Ne7
60. Nd6+ Kb8 61. Nf7 1-0

[Event "Berliner Sommer"]
[Site "Berlin"]
[Date "1995.??.??"]
[Round "4"]
[White "Kharitonov, Andrei Y"]
[Black "Crouch, Colin S"]
[Result "1-0"]
[WhiteElo "2550"]
[BlackElo "2410"]
[PlyCount "83"]
[EventDate "1995.08.??"]
[SourceDate "1999.08.01"]

1. d4 d5 2. Nf3 Nf6 3. c4 c6 4. e3 g6 5. Nc3 Bg7 6. Bd3 O-O 7. O-O Bg4 8. h3
Bxf3 9. Qxf3 e6 10. Rd1 Nbd7 11. Bd2 Qe7 12. Be1 Rfd8 13. Qe2 dxc4 14. Bxc4 e5
15. d5 cxd5 16. Nxd5 Nxd5 17. Bxd5 e4 18. Rac1 Nb6 19. Bb3 Rxd1 20. Rxd1 Rd8
21. Rxd8+ Qxd8 22. Qc2 Qe7 23. a4 Be5 24. a5 Nd7 25. Qc8+ Nf8 26. Bd5 Bxb2 27.
Bxb7 Ba3 28. Bc3 Qd6 29. Bxe4 Qd1+ 30. Kh2 Bd6+ 31. f4 Qe2 32. Bd4 Bxf4+ 33.
exf4 Qxe4 34. Be5 Qd5 35. Qb8 f5 36. Bd6 Qf7 37. a6 Kg7 38. Bxf8+ Qxf8 39.
Qxa7+ Kh6 40. Qc7 Qa3 41. a7 Qa4 42. Qb8 1-0

[Event "Hastings9596"]
[Site "Hastings"]
[Date "1996.??.??"]
[Round "4"]
[White "Miles, Anthony J"]
[Black "Hodgson, Julian M"]
[Result "1-0"]
[WhiteElo "2600"]
[BlackElo "2590"]
[PlyCount "75"]
[EventDate "1996.01.??"]
[SourceDate "1999.08.01"]

1. d4 d5 2. c4 c6 3. Nf3 dxc4 4. e3 b5 5. a4 e6 6. axb5 cxb5 7. b3 Bb4+ 8. Bd2
Bxd2+ 9. Nbxd2 a5 10. bxc4 b4 11. Ne5 Nf6 12. Qa4+ Nfd7 13. c5 O-O 14. Nec4 Nf6
15. Be2 Nd5 16. Bf3 Bd7 17. Qc2 Bb5 18. Nd6 Ba6 19. N2c4 Nc6 20. O-O Qc7 21.
Rfc1 Bxc4 22. Nxc4 Nce7 23. Qb3 Ra7 24. g3 Rb8 25. Kg2 h6 26. Rc2 Nc3 27. Rxa5
Rxa5 28. Nxa5 Qxa5 29. Rxc3 bxc3 30. Qxb8+ Kh7 31. Qb7 f5 32. Qxe7 c2 33. Qxe6
c1=Q 34. Qxf5+ g6 35. Qf7+ Kh8 36. Qf8+ Kh7 37. Bd5 Qh1+ 38. Kxh1 1-0

[Event "Ubeda"]
[Site "Ubeda"]
[Date "1997.??.??"]
[Round "6"]
[White "Timman, Jan H"]
[Black "Lautier, Joel"]
[Result "1/2-1/2"]
[WhiteElo "2630"]
[BlackElo "2630"]
[PlyCount "120"]
[EventDate "1997.02.??"]
[SourceDate "1999.08.01"]

1. d4 d5 2. c4 dxc4 3. Nf3 Nf6 4. e3 e6 5. Bxc4 c5 6. Qe2 a6 7. dxc5 Bxc5 8.
O-O Nc6 9. e4 b5 10. Bb3 Nd4 11. Nxd4 Qxd4 12. Be3 Qxe4 13. Nd2 Qf5 14. g4 Qe5
15. Nf3 Qe4 16. Ng5 Qc6 17. Rac1 Bb7 18. f3 Bxe3+ 19. Qxe3 Qd6 20. Nxe6 fxe6
21. Bxe6 Kf8 22. Rfd1 Qe7 23. g5 Re8 24. gxf6 gxf6 25. Qh6+ Qg7+ 26. Qxg7+ Kxg7
27. Rc7+ Kh6 28. Rd6 Bc8 29. Bxc8 Rxc8 30. Rxf6+ Kg5 31. Rxc8 Rxc8 32. Rxa6 Rc2
33. b4 Kf4 34. Rf6+ Ke3 35. a3 Ra2 36. Rf5 Rxa3 37. Kg2 Rb3 38. Re5+ Kf4 39.
Re4+ Kf5 40. Kg3 Rb2 41. Rh4 Kf6 42. h3 Rb3 43. Rf4+ Kg6 44. Rd4 Rb1 45. Kh4
Kf6 46. Kg4 Ke5 47. Re4+ Kf6 48. Rd4 Ke5 49. Re4+ Kf6 50. Rf4+ Kg6 51. Rd4 h5+
52. Kg3 Kf7 53. Kf4 Kf6 54. Ke3 Ke5 55. f4+ Ke6 56. Kd3 Rd1+ 57. Kc3 Rc1+ 58.
Kd2 Rb1 59. Ke3 Re1+ 60. Kd2 Rf1 1/2-1/2

[Event "Villarrobledo rapid op"]
[Site "Villarrobledo"]
[Date "1997.??.??"]
[Round "4"]
[White "Karpov, Anatoly"]
[Black "Campora, Daniel H"]
[Result "1-0"]
[WhiteElo "2745"]
[BlackElo "2535"]
[PlyCount "103"]
[EventDate "1997.??.??"]
[SourceDate "1999.08.01"]

1. d4 d5 2. c4 e6 3. Nf3 Nf6 4. Bg5 Be7 5. Nc3 Nbd7 6. e3 O-O 7. Rc1 c6 8. Bd3
dxc4 9. Bxc4 Nd5 10. Bxe7 Qxe7 11. O-O Nxc3 12. Rxc3 e5 13. Bb3 exd4 14. exd4
Nf6 15. Re1 Qd6 16. Ne5 Bf5 17. Rf3 Bg4 18. Rxf6 Qxe5 19. dxe5 Bxd1 20. Bxf7+
Rxf7 21. Rxf7 Kxf7 22. Rxd1 Ke6 23. f4 a5 24. Kf2 Ra6 25. Rd6+ Ke7 26. Ke3 Rb6
27. b3 a4 28. Rd3 Ke6 29. g4 c5 30. h4 Rb4 31. h5 h6 32. bxa4 Rxa4 33. Rd6+ Ke7
34. Rb6 Rxa2 35. Rxb7+ Ke6 36. Rb6+ Ke7 37. Rc6 Rg2 38. Kf3 Rc2 39. Ke4 c4 40.
Rc7+ Kd8 41. Rxg7 Rd2 42. Ra7 c3 43. Ra3 Re2+ 44. Kf5 Re3 45. Ra4 c2 46. Rc4
Re2 47. g5 hxg5 48. fxg5 Ke7 49. h6 Rh2 50. Rc7+ Kd8 51. Rc5 Ke7 52. Kg6 1-0

[Event "Las Palmas"]
[Site "Las Palmas"]
[Date "1996.12.19"]
[Round "8"]
[White "Kramnik, Vladimir"]
[Black "Kasparov, Gary"]
[Result "1/2-1/2"]
[WhiteElo "2765"]
[BlackElo "2785"]
[PlyCount "115"]
[EventDate "1996.12.08"]
[SourceDate "1999.08.01"]

1. d4 d5 2. c4 e6 3. Nf3 Nf6 4. Bg5 Be7 5. Nc3 O-O 6. e3 h6 7. Bh4 Ne4 8. Bxe7
Qxe7 9. Rc1 c6 10. Bd3 Nxc3 11. Rxc3 dxc4 12. Bxc4 Nd7 13. O-O b6 14. Bd3 c5
15. Be4 Rb8 16. Qa4 Bb7 17. Bxb7 Rxb7 18. Qc2 Rc8 19. Rc1 Rbc7 20. b4 e5 21.
dxc5 bxc5 22. Rc4 e4 23. Qxe4 Qxe4 24. Rxe4 cxb4 25. Re8+ Rxe8 26. Rxc7 Ne5 27.
Nxe5 Rxe5 28. Rxa7 h5 29. h3 Rb5 30. g4 hxg4 31. hxg4 g6 32. Kg2 b3 33. axb3
Rxb3 34. g5 Kg7 35. Kg3 Rc3 36. Re7 Ra3 37. Rd7 Kf8 38. Rc7 Kg7 39. Rc8 Kh7 40.
Rc7 Kg7 41. Re7 Kf8 42. Re5 Kg7 43. f4 Rd3 44. Kf3 Rd2 45. Ke4 Rd1 46. Rd5 Re1
47. Rd3 Kf8 48. Ke5 Kg7 49. e4 Re2 50. Rd7 Re1 51. Rc7 Re2 52. Ra7 Re1 53. Ra4
Re2 54. Kd6 Rd2+ 55. Ke7 Rf2 56. e5 Rf1 57. Ra6 Rxf4 58. e6 1/2-1/2

[Event "Leonid Stein mem"]
[Site "Lvov"]
[Date "2000.05.15"]
[Round "4"]
[White "Gelfand, Boris"]
[Black "Krasenkow, Michal"]
[Result "0-1"]
[WhiteElo "2690"]
[BlackElo "2660"]
[PlyCount "74"]
[EventDate "2000.05.12"]
[SourceDate "1999.08.01"]

1. d4 d5 2. c4 e6 3. Nf3 Nf6 4. Bg5 dxc4 5. Qa4+ c6 6. Qxc4 b5 7. Qc2 Bb7 8. e3
Nbd7 9. Bd3 a6 10. a4 Bb4+ 11. Nc3 c5 12. Bxf6 Nxf6 13. dxc5 O-O 14. axb5 axb5
15. O-O Bxf3 16. gxf3 Rc8 17. Nxb5 Rxc5 18. Qe2 Rh5 19. f4 e5 20. fxe5 Ng4 21.
f4 Qh4 22. Nd4 Nxh2 23. Nf5 Nf3+ 24. Rxf3 Qh1+ 25. Kf2 Qxa1 26. Rg3 Be1+ 27.
Kg2 Rxf5 28. Rh3 Rb8 29. Bxf5 Rxb2 30. Bxh7+ Kf8 31. Bc2 g6 32. Qc4 Qa8+ 33.
Kf1 Bh4 34. Qe4 Qa1+ 35. Kg2 Qc1 36. Rxh4 Rxc2+ 37. Kh3 Qf1+ 0-1

[Event "3rd Julian Borowski A"]
[Site "Essen GER"]
[Date "2001.05.07"]
[Round "5"]
[White "Dautov, R."]
[Black "Smagin, S."]
[Result "1-0"]
[WhiteElo "2631"]
[BlackElo "2613"]
[PlyCount "87"]
[EventDate "2001.05.02"]
[SourceDate "1999.08.01"]

1. d4 d5 2. c4 c6 3. Nf3 e6 4. Bg5 Nf6 5. Nbd2 Be7 6. e3 O-O 7. Bd3 h6 8. Bh4
b6 9. O-O Bb7 10. Rc1 Nbd7 11. cxd5 exd5 12. Bf5 Re8 13. Qb3 a5 14. Ne5 a4 15.
Qc2 Nxe5 16. dxe5 Nd7 17. Bxe7 Qxe7 18. f4 c5 19. e4 g6 20. Bh3 Nf8 21. exd5
Bxd5 22. Nc4 Bxc4 23. Qxc4 a3 24. bxa3 Rxa3 25. f5 g5 26. e6 Qf6 27. Bg4 Re7
28. Rcd1 Kg7 29. Rd6 Rc3 30. Qd5 fxe6 31. fxe6 Qd4+ 32. Qxd4+ cxd4 33. Rxd4 Re3
34. Rb4 Nxe6 35. Rxb6 Nf4 36. g3 Nd5 37. Rb3 R3e5 38. Bf3 Ne3 39. Re1 g4 40.
Kf2 gxf3 41. Rbxe3 Rxe3 42. Rxe3 Ra7 43. a3 Rb7 44. Kxf3 1-0

[Event "Leon"]
[Site "Leon"]
[Date "1993.??.??"]
[Round "9"]
[White "Karpov, Anatoly"]
[Black "Illescas Cordoba, Miguel"]
[Result "1-0"]
[WhiteElo "2725"]
[BlackElo "2615"]
[PlyCount "71"]
[EventDate "1993.05.??"]
[SourceDate "1999.08.01"]

1. d4 d5 2. c4 e6 3. Nf3 c5 4. cxd5 exd5 5. g3 Nc6 6. Bg2 Nf6 7. O-O Be7 8. Nc3
O-O 9. Bg5 cxd4 10. Nxd4 h6 11. Be3 Re8 12. Rc1 Bf8 13. a3 Bg4 14. h3 Be6 15.
Nxc6 bxc6 16. Bd4 Bd7 17. Qd3 Nh7 18. Be3 Bd6 19. Rfd1 Be6 20. b4 Nf8 21. Na4
Ng6 22. Qc3 Bd7 23. Nc5 Bxc5 24. Bxc5 Rxe2 25. Be3 Qe7 26. Bf1 Rxe3 27. Qxe3
Qxe3 28. fxe3 Re8 29. Kf2 Ne5 30. Rc5 Re7 31. e4 Be6 32. b5 cxb5 33. exd5 Bd7
34. d6 Re6 35. Bxb5 Rf6+ 36. Kg2 1-0

[Event "New York op"]
[Site "New York"]
[Date "1997.??.??"]
[Round "9"]
[White "Ippolito, Dean"]
[Black "Reprintsev, Alexander"]
[Result "1-0"]
[WhiteElo "2280"]
[BlackElo "2425"]
[PlyCount "39"]
[EventDate "1997.04.02"]
[SourceDate "1999.08.01"]

1. d4 d5 2. c4 e5 3. dxe5 d4 4. Nf3 Nc6 5. g3 Bg4 6. Bg2 Qd7 7. O-O O-O-O 8.
Qb3 Nge7 9. Rd1 Bh3 10. Bh1 Qf5 11. Ng5 Ng6 12. Be4 Qd7 13. Nxh3 Qxh3 14. Qf3
Nge7 15. Bg5 Nxe5 16. Bxb7+ Kd7 17. Qe4 f6 18. Qxd4+ Ke6 19. Qxd8 Ng4 20. Bc8+
1-0

[Event "BCF-chT 0001 (4NCL)"]
[Site "England"]
[Date "2000.09.23"]
[Round "1"]
[White "Palliser, Richard"]
[Black "Crouch, Colin S"]
[Result "1-0"]
[WhiteElo "2322"]
[BlackElo "2448"]
[PlyCount "79"]
[EventDate "2000.09.23"]
[SourceDate "1999.08.01"]

1. d4 Nf6 2. c4 e6 3. Nf3 b6 4. e3 Bb7 5. Bd3 c5 6. O-O Be7 7. Nc3 O-O 8. d5
exd5 9. cxd5 d6 10. e4 Na6 11. Re1 Nc7 12. Rb1 a6 13. a4 Rb8 14. b4 cxb4 15.
Rxb4 Nd7 16. Be3 a5 17. Rb1 Na6 18. Bxa6 Bxa6 19. Nd4 Bb7 20. Nf5 Re8 21. Bd4
Bf8 22. Nh6+ gxh6 23. Qg4+ Qg5 24. Qxd7 Bc8 25. Qb5 Bh3 26. Qf1 f5 27. f4 Qg6
28. Re3 Bg4 29. h3 Bh5 30. exf5 Qxf5 31. g4 Qc2 32. Rc1 Qb2 33. gxh5 Rxe3 34.
Bxe3 Bg7 35. Nd1 Qa3 36. Qc4 Re8 37. Kf2 Bf6 38. Rb1 Bh4+ 39. Kf3 Be1 40. Qb3
1-0

[Event "Tilburg rapid20"]
[Site "Tilburg"]
[Date "1994.??.??"]
[Round "2"]
[White "Kurajica, Bojan"]
[Black "Karpov, Anatoly"]
[Result "1-0"]
[WhiteElo "2565"]
[BlackElo "2780"]
[PlyCount "81"]
[EventDate "1994.09.??"]
[SourceDate "1999.08.01"]

1. d4 Nf6 2. c4 e6 3. Nf3 b6 4. e3 Bb7 5. Bd3 Be7 6. O-O O-O 7. Nc3 d5 8. cxd5
exd5 9. b3 Nbd7 10. Bb2 Ne4 11. Rc1 Ndf6 12. Ne2 Bd6 13. Ne5 c5 14. f3 Ng5 15.
Ng3 cxd4 16. exd4 g6 17. Qd2 Ne6 18. Qh6 Rc8 19. Rxc8 Qxc8 20. Nf5 Qd8 21. Qg7+
Nxg7 22. Nh6+ Kh8 23. Nexf7+ Rxf7 24. Nxf7+ Kg8 25. Nxd8 Bc8 26. Nc6 a5 27. Re1
Kf8 28. Bc1 Ne6 29. Be3 Bd7 30. Ne5 Be8 31. Bh6+ Ke7 32. Be3 Ba3 33. Re2 Nd7
34. Nxd7 Bxd7 35. h4 Bd6 36. a4 Kd8 37. h5 gxh5 38. Bxh7 Nf4 39. Rc2 b5 40.
axb5 Bxb5 41. Bxf4 1-0

[Event "Dieren op"]
[Site "Dieren"]
[Date "1997.??.??"]
[Round "2"]
[White "Safin, Shukhrat"]
[Black "Janssen, Ruud"]
[Result "1-0"]
[WhiteElo "2510"]
[BlackElo "2330"]
[PlyCount "43"]
[EventDate "1997.07.??"]
[SourceDate "1999.08.01"]

1. d4 Nf6 2. c4 e6 3. Nf3 b6 4. e3 Bb7 5. Bd3 c5 6. O-O g6 7. Nc3 Bg7 8. d5
exd5 9. cxd5 Nxd5 10. Nb5 O-O 11. Nd6 Bc6 12. e4 Nc7 13. Bg5 Bf6 14. Qd2 Ne8
15. Nxe8 Rxe8 16. Qf4 Bxg5 17. Nxg5 f6 18. Bc4+ Kg7 19. Nf7 g5 20. Qg3 Qe7 21.
Nd6 Bxe4 22. Rae1 1-0

[Event "Sas van Gent"]
[Site "Sas van Gent"]
[Date "1996.??.??"]
[Round "9"]
[White "Motwani, Paul"]
[Black "Van der Weide, Karel"]
[Result "1-0"]
[WhiteElo "2490"]
[BlackElo "2365"]
[PlyCount "59"]
[EventDate "1996.??.??"]
[SourceDate "1999.08.01"]

1. d4 Nf6 2. c4 g6 3. Nc3 Bg7 4. e4 d6 5. Nf3 O-O 6. Be2 Nbd7 7. Be3 e5 8. d5
Ng4 9. Bd2 f5 10. Ng5 Ndf6 11. exf5 gxf5 12. h3 Nh6 13. g4 fxg4 14. hxg4 Nfxg4
15. f3 Rf4 16. Ne6 Bxe6 17. dxe6 Nf6 18. Bxf4 exf4 19. Qd2 Qf8 20. Qxf4 Re8 21.
O-O-O Rxe6 22. Rdg1 Nf7 23. Qf5 Qe7 24. Nd5 Nxd5 25. Qxh7+ Kf8 26. Qxg7+ Ke8
27. cxd5 Rxe2 28. Rh8+ Nxh8 29. Qxh8+ Kd7 30. Qh3+ 1-0

[Event "Hastings9091"]
[Site "Hastings"]
[Date "1990.??.??"]
[Round "?"]
[White "Speelman, Jonathan S"]
[Black "Larsen, Bent"]
[Result "1-0"]
[WhiteElo "2605"]
[BlackElo "2545"]
[PlyCount "71"]
[EventDate "1990.12.??"]
[SourceDate "1999.08.01"]

1. d4 Nf6 2. c4 g6 3. Nc3 Bg7 4. e4 d6 5. Nf3 O-O 6. Be2 c5 7. d5 e6 8. O-O Re8
9. h3 exd5 10. exd5 Qb6 11. Bd3 Na6 12. a3 Bd7 13. Rb1 Nh5 14. Bd2 f5 15. Ne2
Nc7 16. b4 Qa6 17. b5 Qb6 18. Nc3 Bxc3 19. Bxc3 a6 20. bxa6 Qxa6 21. Qd2 Re7
22. a4 b6 23. Rfe1 Rae8 24. Rxe7 Rxe7 25. Qg5 Kf7 26. Bf1 Ne8 27. Qh6 Kg8 28.
Ng5 Nhf6 29. a5 bxa5 30. Rb8 Bc8 31. Bd3 a4 32. Bxf6 Nxf6 33. Bxf5 Re8 34. Be6+
Kh8 35. Nf7+ Kg8 36. Nxd6+ 1-0

[Event "Bad Lauterberg"]
[Site "Bad Lauterberg"]
[Date "1991.??.??"]
[Round "?"]
[White "Knaak, Rainer"]
[Black "Hertneck, Gerald"]
[Result "1-0"]
[WhiteElo "2535"]
[BlackElo "2555"]
[PlyCount "65"]
[EventDate "1991.11.??"]
[SourceDate "1999.08.01"]

1. d4 Nf6 2. c4 c5 3. d5 b5 4. Nf3 g6 5. cxb5 a6 6. b6 Qxb6 7. Nc3 d6 8. e4 Bg7
9. Nd2 Nbd7 10. Nc4 Qc7 11. Be2 Nb6 12. Ne3 O-O 13. a4 a5 14. O-O Ba6 15. Bxa6
Rxa6 16. Bd2 Raa8 17. Rc1 Qd7 18. b3 e6 19. Nc4 Nxc4 20. bxc4 exd5 21. exd5
Rfe8 22. Qc2 Ng4 23. h3 Ne5 24. Ne4 f5 25. Ng5 Bf6 26. Rb1 Nf7 27. Ne6 Nd8 28.
Nf4 Bd4 29. Rfe1 Rxe1+ 30. Rxe1 Rb8 31. Bc3 Qg7 32. Re8+ Kf7 33. Ne6 1-0

[Event "OUCC Open"]
[Site "Oxford ENG"]
[Date "2002.04.28"]
[Round "4"]
[White "Palliser, R."]
[Black "Summerscale, A."]
[Result "1-0"]
[WhiteElo "2443"]
[BlackElo "2503"]
[PlyCount "49"]
[EventDate "2002.04.27"]
[SourceDate "1999.08.01"]

1. d4 Nf6 2. Nf3 c5 3. d5 b5 4. c4 Bb7 5. Nbd2 bxc4 6. e4 e6 7. dxe6 dxe6 8.
Bxc4 Be7 9. O-O O-O 10. e5 Nd5 11. Ne4 Nd7 12. b3 Qc7 13. Bb2 Ne3 14. Qd3 Nxf1
15. Neg5 Bxg5 16. Nxg5 g6 17. Qh3 h5 18. Nxe6 fxe6 19. Qxe6+ Kh8 20. Qxg6 Nf6
21. exf6 Qxh2+ 22. Kxf1 Qh1+ 23. Ke2 Rfe8+ 24. Kd2 Rad8+ 25. Kc3 1-0

[Event "Scandic Hotels CC"]
[Site "Stockholm"]
[Date "1999.08.06"]
[Round "6"]
[White "Yakovich, Yuri"]
[Black "Wedberg, Tom"]
[Result "0-1"]
[WhiteElo "2592"]
[BlackElo "2487"]
[PlyCount "80"]
[EventDate "1999.07.31"]
[SourceDate "1999.08.01"]

1. d4 Nf6 2. c4 c5 3. d5 e6 4. Nc3 exd5 5. cxd5 d6 6. Nf3 g6 7. Bf4 a6 8. e4 b5
9. Qe2 Be7 10. Qc2 O-O 11. a4 b4 12. Nb1 Nh5 13. Bh6 Re8 14. Bd3 Nd7 15. O-O
Bf8 16. Bxf8 Kxf8 17. Nbd2 Nf4 18. Rfe1 Nxd3 19. Qxd3 a5 20. Qe3 Kg7 21. Nc4
Nb6 22. Nxb6 Qxb6 23. h4 Qd8 24. h5 Qf6 25. h6+ Kg8 26. e5 dxe5 27. Nxe5 Qh4
28. Qxc5 Bf5 29. d6 Qxh6 30. d7 Red8 31. Rad1 Qg7 32. Qc7 b3 33. Nc6 Rxd7 34.
Rxd7 Bxd7 35. Qxd7 Qxb2 36. Ne5 Rf8 37. Qb5 Qc3 38. Rb1 Rd8 39. Rxb3 Qc1+ 40.
Qf1 Rd1 0-1

[Event "Monte Carlo m"]
[Site "Monte Carlo"]
[Date "1997.09.17"]
[Round "7"]
[White "Piket, Jeroen"]
[Black "Van Wely, Loek"]
[Result "1-0"]
[WhiteElo "2630"]
[BlackElo "2655"]
[PlyCount "89"]
[EventDate "1997.09.10"]
[SourceDate "1999.08.01"]

1. d4 Nf6 2. c4 e6 3. Nf3 c5 4. d5 exd5 5. cxd5 d6 6. Nc3 g6 7. Bf4 Bg7 8. Qa4+
Bd7 9. Qb3 Qc7 10. e4 O-O 11. Nd2 Nh5 12. Be3 f5 13. exf5 gxf5 14. Be2 Be8 15.
Nf3 h6 16. O-O a6 17. a4 Nd7 18. Rae1 Rb8 19. Qd1 Qb6 20. Bc1 Qd8 21. g3 Nhf6
22. Nh4 Nh7 23. Bd3 f4 24. Nf5 fxg3 25. fxg3 Rxf5 26. Bxf5 Ne5 27. Rxe5 dxe5
28. Ne4 Qb6 29. Be3 Qxb2 30. Qg4 Kh8 31. Qh4 h5 32. Qe7 Bxa4 33. Bh6 Rg8 34.
Nd6 Qd4+ 35. Rf2 Qd1+ 36. Rf1 Qd4+ 37. Rf2 Qd1+ 38. Kg2 Qxd5+ 39. Be4 Qxe4+ 40.
Nxe4 Bxh6 41. Rf7 Bg7 42. Qxb7 Bc2 43. Rf5 Nf6 44. Nxf6 Bxf5 45. Qf7 1-0

[Event "Baku"]
[Site "Baku"]
[Date "1986.??.??"]
[Round "?"]
[White "Gurevich, Mikhail"]
[Black "Guseinov, Aidyn"]
[Result "1-0"]
[WhiteElo "2510"]
[BlackElo "2300"]
[PlyCount "79"]
[EventDate "1986.11.??"]
[SourceDate "1999.08.01"]

1. d4 c5 2. d5 Nf6 3. c4 e5 4. Nc3 d6 5. e4 Be7 6. h3 O-O 7. Nf3 Ne8 8. Bd3 Nd7
9. g4 a6 10. a4 g6 11. Bh6 Ng7 12. Qd2 Nf6 13. Ng1 Kh8 14. Be3 Nd7 15. Nge2 f5
16. exf5 gxf5 17. gxf5 Nxf5 18. Bxf5 Rxf5 19. Ng3 Rf7 20. Nce4 Nf8 21. Ng5 Bxg5
22. Bxg5 Qc7 23. Ne4 Ng6 24. Bf6+ Kg8 25. Qg5 Qd7 26. Ra3 Qf5 27. Re3 Qf4 28.
h4 Bf5 29. Nxd6 h6 30. Qxf5 Rxf6 31. Qxf4 exf4 32. Re6 Rxe6+ 33. dxe6 Kf8 34.
Nxb7 Rc8 35. Ke2 Ne5 36. b3 Ke7 37. Rd1 Kxe6 38. Rd5 Nd7 39. Rd6+ Ke7 40. Rxh6
1-0

[Event "Polanica Zdroj op"]
[Site "Polanica Zdroj"]
[Date "1999.08.25"]
[Round "9"]
[White "Malaniuk, Vladimir P"]
[Black "Jakubiec, Artur"]
[Result "1-0"]
[WhiteElo "2525"]
[BlackElo "2453"]
[PlyCount "119"]
[EventDate "1999.08.17"]
[SourceDate "1999.08.01"]

1. d4 f5 2. Nc3 Nf6 3. Bg5 d5 4. Bxf6 exf6 5. e3 Be6 6. Qf3 Qd7 7. Bb5 Nc6 8.
Nge2 O-O-O 9. Nf4 Bf7 10. a3 Kb8 11. Nd3 Be6 12. Nb4 Bxb4 13. axb4 a6 14. Bxc6
Qxc6 15. O-O Qb6 16. b5 axb5 17. Ra2 Rhg8 18. Rfa1 c6 19. Ne2 Kc8 20. Nf4 Kd7
21. Nd3 Ke7 22. Qg3 g6 23. Nc5 Rb8 24. Ra7 Rgc8 25. h3 Bf7 26. Qf4 h5 27. h4
Be8 28. b4 Bf7 29. f3 Be8 30. c3 Kf7 31. e4 fxe4 32. fxe4 Qc7 33. Qxc7+ Rxc7
34. Na6 Rbc8 35. Nxc7 Rxc7 36. exd5 cxd5 37. Re1 Bd7 38. Re3 Bc6 39. Ra8 Re7
40. Rxe7+ Kxe7 41. Kf2 Ke6 42. Kf3 Kf5 43. Rh8 Bd7 44. Rh7 Bc6 45. g3 Ke6 46.
Kf4 b6 47. Rg7 Be8 48. Rb7 Bd7 49. Rxb6+ Ke7 50. Rb8 Be8 51. Ra8 Bd7 52. Rh8
Be8 53. g4 hxg4 54. Kxg4 Bf7 55. Kf4 Be8 56. Rh7+ Ke6 57. Rb7 Bd7 58. Rb8 Ke7
59. Kg3 Be8 60. h5 1-0

[Event "St Petersburg op2"]
[Site "St Petersburg"]
[Date "1994.??.??"]
[Round "1"]
[White "Sakaev, Konstantin"]
[Black "Kobalija, Mihail"]
[Result "1-0"]
[WhiteElo "2555"]
[BlackElo "2415"]
[PlyCount "49"]
[EventDate "1994.10.??"]
[SourceDate "1999.08.01"]

1. d4 f5 2. Nc3 d5 3. Bf4 Nf6 4. e3 c6 5. Bd3 g6 6. h4 Be6 7. Nf3 Bg7 8. h5
Nbd7 9. h6 Bf8 10. Ng5 Bg8 11. Qd2 e6 12. O-O-O Qe7 13. f3 e5 14. dxe5 Nxe5 15.
Be2 Ned7 16. e4 fxe4 17. fxe4 O-O-O 18. exd5 Bxd5 19. Nxd5 Nxd5 20. Bg4 Qf6 21.
Ne6 Ba3 22. Qd4 Qe7 23. bxa3 Qxa3+ 24. Qb2 Qa4 25. Rd4 1-0

[Event "Sarajevo Bosnia"]
[Site "Sarajevo"]
[Date "1998.06.04"]
[Round "7"]
[White "Kortschnoj, Viktor"]
[Black "Nikolic, Predrag"]
[Result "1-0"]
[WhiteElo "2625"]
[BlackElo "2635"]
[PlyCount "97"]
[EventDate "1998.05.29"]
[SourceDate "1999.08.01"]

1. d4 e6 2. c4 f5 3. Nc3 Nf6 4. e3 d5 5. Bd3 c6 6. Qc2 Bd6 7. f3 O-O 8. Nge2
Qc7 9. cxd5 Nxd5 10. Qb3 Kh8 11. Bd2 Nd7 12. Rc1 Qb6 13. Bc4 N7f6 14. O-O Bd7
15. Na4 Qxb3 16. Bxb3 b6 17. Nac3 Rfe8 18. Ng3 Nxc3 19. Bxc3 c5 20. Rfd1 Rac8
21. d5 Bxg3 22. hxg3 Nxd5 23. Bxd5 exd5 24. Rxd5 Be6 25. Rd6 Rcd8 26. Rcd1 Rxd6
27. Rxd6 Kg8 28. a4 Kf7 29. a5 b5 30. Ra6 Re7 31. Rc6 b4 32. Be1 Rd7 33. Rxc5
Rd1 34. Kf2 Rb1 35. Rc2 Bb3 36. Rc7+ Kg8 37. Bxb4 Rxb2+ 38. Kg1 a6 39. Bc3 Rc2
40. Rxg7+ Kf8 41. Bd4 Ra2 42. Rxh7 Rxa5 43. Rh4 Be6 44. e4 fxe4 45. Rxe4 Kf7
46. g4 Ra2 47. Rf4+ Kg8 48. g5 Bf7 49. Rf6 1-0

[Event "Rilton Cup 97/98"]
[Site "Stockholm"]
[Date "1998.??.??"]
[Round "7"]
[White "Hellborg, Teodor"]
[Black "Chernin, Alexander"]
[Result "1-0"]
[WhiteElo "2220"]
[BlackElo "2640"]
[PlyCount "93"]
[EventDate "1997.12.??"]
[SourceDate "1999.08.01"]

1. d4 g6 2. c4 Bg7 3. e4 d6 4. Nc3 Nc6 5. Be3 e5 6. d5 Nce7 7. c5 f5 8. cxd6
cxd6 9. Qa4+ Kf8 10. Qa3 Nf6 11. f3 fxe4 12. fxe4 Ng4 13. Bg5 Bh6 14. Bxh6+
Nxh6 15. Nb5 Nf7 16. Rc1 Qb6 17. Nc7 Rb8 18. Nf3 Kg7 19. Be2 Rf8 20. Rf1 Ng8
21. Rc3 Nf6 22. Nd2 Ng5 23. Nb5 Ngxe4 24. Nxe4 Nxe4 25. Rc7+ Kg8 26. Rxf8+ Kxf8
27. Qxa7 Qxa7 28. Nxa7 Bf5 29. g4 Ra8 30. Rxb7 Nc5 31. Rxh7 Kg8 32. Rc7 Bb1 33.
b4 Na4 34. Bc4 Nb2 35. Bb5 Bxa2 36. Bc6 Rf8 37. b5 Nc4 38. Nc8 Bb1 39. b6 Bd3
40. Ne7+ Kg7 41. Nf5+ Kf6 42. b7 Bxf5 43. gxf5 Nb6 44. fxg6 Kxg6 45. Re7 Rb8
46. Kf2 Kg5 47. Kg3 1-0

[Event "Bern op"]
[Site "Bern"]
[Date "1992.??.??"]
[Round "3"]
[White "Ionescu, Constantin"]
[Black "Bellon Lopez, Juan Manuel"]
[Result "0-1"]
[WhiteElo "2465"]
[BlackElo "2435"]
[PlyCount "72"]
[EventDate "1992.02.??"]
[SourceDate "1999.08.01"]

1. d4 Nf6 2. c4 e5 3. dxe5 Ne4 4. Nf3 Bb4+ 5. Nbd2 Nc6 6. a3 Nxd2 7. Bxd2 Bxd2+
8. Qxd2 Qe7 9. Qc3 b6 10. g3 Bb7 11. Bh3 O-O-O 12. O-O-O Rhe8 13. Rd5 Nb8 14.
Rd3 Bxf3 15. Rxf3 Qc5 16. Rxf7 Qc6 17. Rd1 Qh6+ 18. f4 Qxh3 19. Rxg7 Qxh2 20.
Qd3 Rxe5 21. Rxh7 Rh5 22. Rg7 Rc5 23. Kb1 Qh8 24. Rh7 Qg8 25. Rc1 Rc6 26. Rc3
Rd6 27. Qc2 Nc6 28. Rh5 Re8 29. Rg5 Qe6 30. e3 Rg8 31. Rxg8+ Qxg8 32. e4 Qh7
33. g4 Qh1+ 34. Ka2 Rd1 35. Rd3 Ra1+ 36. Kb3 Rc1 0-1